| 000 | 00372pab a2200145 454500 | ||
|---|---|---|---|
| 008 | 180718b1983 xxu||||| |||| 00| 0 eng d | ||
| 100 | _aNagla, Bhupendra Kumar | ||
| 245 | _aYouth unrest in contemporary Indian university | ||
| 260 | _c1983 | ||
| 300 | _a289-98 | ||
| 362 | _aSpring | ||
| 650 | _aYouth - India | ||
| 773 | _aJournal of Higher Education | ||
| 909 | _a21104 | ||
| 999 |
_c21104 _d21104 |
||